Maps in Zambia. (Record no. 172576)
[ view plain ]
| 000 -LEADER | |
|---|---|
| fixed length control field | 00572cam4a220021700 4500 |
| 001 - CONTROL NUMBER | |
| control field | zam00003728 |
| 008 - FIXED-LENGTH DATA ELEMENTS--GENERAL INFORMATION | |
| fixed length control field | 951128s1994 xx eng u |
| 035 ## - SYSTEM CONTROL NUMBER | |
| System control number | (Sirsi) r21047 |
| 035 ## - SYSTEM CONTROL NUMBER | |
| System control number | (MACHINE)SLC. |
| 100 ## - MAIN ENTRY--PERSONAL NAME | |
| Personal name | Sikabaze et al. |
| Linkage | A82687.1 |
| 245 10 - TITLE STATEMENT | |
| Title | Maps in Zambia. |
| 260 ## - PUBLICATION, DISTRIBUTION, ETC. | |
| Date of publication, distribution, etc. | 1994. |
| 591 ## - | |
| -- | Class code: S 960. |
| 591 ## - | |
| -- | Course: Rural sociology. |
| 591 ## - | |
| -- | School: S05. |
| 591 ## - | |
| -- | Lecturer: Ms NTALASHA, H. |
| 591 ## - | |
| -- | Number of Students: 35. |
| 949 ## - LOCAL PROCESSING INFORMATION (OCLC) | |
| a | SIK1-MAP |
| w | lcc |
| m | MAIN |
| t | BOOK |
| l | ON-SHELF |
| 909 ## - | |
| -- | Reprint |
No items available.